|
|
|
|
| LEADER |
00000nam0a2200000 4500 |
| 001 |
297716 |
| 005 |
20231102001032.0 |
| 035 |
|
|
|a (RuTPU)RU\TPU\book\322850
|
| 090 |
|
|
|a 297716
|
| 100 |
|
|
|a 20150610d1972 k y0rusy50 ca
|
| 101 |
0 |
|
|a rus
|
| 102 |
|
|
|a RU
|
| 105 |
|
|
|a a z 001zy
|
| 200 |
1 |
|
|a Питание грунтовых вод песчаной пустыни через зону аэрации (механизм, методы изучения, оценка)
|f В. Н. Чубаров
|
| 210 |
|
|
|a Москва
|c Недра
|d 1972
|
| 215 |
|
|
|a 135 с.
|c ил.
|
| 320 |
|
|
|a Библиогр.: с. 130-132.
|
| 606 |
1 |
|
|a Воды грунтовые
|x Питание
|2 stltpush
|3 (RuTPU)RU\TPU\subj\3136
|9 31592
|
| 610 |
1 |
|
|a песчаные пустыни
|
| 610 |
1 |
|
|a аэрация
|
| 610 |
1 |
|
|a влагоперенос
|
| 610 |
1 |
|
|a пресные воды
|
| 610 |
1 |
|
|a линзы
|
| 610 |
1 |
|
|a Каракумы
|
| 610 |
1 |
|
|a прогнозы
|
| 675 |
|
|
|a 556.332.6
|v 4
|
| 700 |
|
1 |
|a Чубаров
|b В. Н.
|g Валентин Николаевич
|
| 801 |
|
1 |
|a RU
|b 63413507
|c 20150610
|
| 801 |
|
2 |
|a RU
|b 63413507
|c 20150617
|g RCR
|
| 942 |
|
|
|c BK
|